Open Data Biblioteca Nacional de Portugal


República Portuguesa: Ministério da Cultura
Biblioteca Nacional de Portugal

Catálogo da BNP: acesso por Identificadores Unívocos
Registos Bibliográficos associados ao registo de autoridade

Etiqueta de registo: 00254nam 2200025 450
001 2244920
003 http://id.bnportugal.gov.pt/bib/catbnp/2244920
010 ## $a978-989-36418-0-4
021 ## $aPT$b552253/25
100 ## $a20260112d2025 m d0pory01030103ba
101 0# $apor
102 ## $aPT
105 ## $aa z 000yy
106 ## $ar
200 1# $aGuia da geologia do Alto de S. Bento$fA. M. Galopim de Carvalho... [et al.]$gcoord. científica Galopim de Carvalho, Luís Lopes$gfot. A. Valentim... [et al.]
210 #9 $aÉvora$cCâmara Municipal de Évora,$dD.L. 2025
215 ## $a57, [3] p.$cil.$d21 cm
532 12 $aGuia da geologia do Alto de São Bento
606 ## $aAlto de S. Bento (Concelho de Évora, Portugal)$j[Guias]$2SIPOR$31991320
675 ## $a069.1(469.512)(036)$vBN$zpor$31989334
675 ## $a549.6(469.512)$vBN$zpor$31991315
675 ## $a552.32(469.512)$vBN$zpor$31991314
701 #1 $aCarvalho,$bA. M. Galopim de,$f1931-$4070$331122
702 #1 $aValentim,$bA.$4600$31976965
702 #1 $910$aLopes,$bLuís$4340$31585665
801 #0 $aPT$bBN$gRPC
856 41 $uhttp://rnod.bnportugal.gov.pt/ImagesBN/winlibimg.aspx?skey=&doc=2244920&img=220317&save=true
900 ## $aBIBNAC$d20260325
966 ## $lBN$mFGMON$sP. 72300 V.$x1
966 ## $lBN$mFGMON$sP. 72300 V.-D$x1
971 ## $cisantos$d20260112
972 ## $e0$z0$d20260325$vasantos
973 ## $cmlsousa$d20260305

OpendataBNP@bnportugal.pt | Mais informação sobre acesso aos dados BNP